000 00422nam a22001697a 4500
003 MPLRDC
005 20220104124031.0
008 210129b ||||| |||| 00| 0 eng d
082 _a889 LMSJ v.99 c.2
100 _a安娜. 汉普森著; 伊凡译
245 _a暴风雨之夜
_c
260 _a
_b骏马文化公司
_c1983
300 _b
490 _a罗曼史集;99
650 _a
942 _cBK
_o889 LMSJ v.99 c.2
999 _c16121
_d16111